[Event "Challenge"]
[Site "http://www.queenalice.com/game.php?id=591730"]
[Date "2009.5.21"]
[Round "-"]
[White "furmigaotora"]
[Black "glaysonramos"]
[Result "1-0"]
[WhiteElo "1707"]
[BlackElo "1276"]

1. e4 h5 2. Nc3 e6 3. d4 Rh6 4. Bxh6 gxh6 5. Qxh5 Qf6 6. e5 Qg6 7. Qxg6 fxg6 8.
Nb5 Bb4+ 9. c3 Be7 10. Nxc7+ Kd8 11. Nxa8 Nf6 12. exf6 Bxf6 13. Nf3 Nc6 14. Bd3
Ne7 15. O-O Nd5 16. Bxg6 b6 17. c4 Nf4 18. Rfe1 Bb7 19. d5 Bxa8 20. d6 Bb7 21.
Be4 Ba6 22. Rac1 b5 23. cxb5 Bxb5 24. Rc7 Bxb2 25. Rb7 Ne2+ 26. Rxe2 Bxe2 27.
Rb8# 1-0

[Event "Challenge"]
[Site "http://www.queenalice.com/game.php?id=593739"]
[Date "2009.5.26"]
[Round "-"]
[White "glaysonramos"]
[Black "furmigaotora"]
[Result "0-1"]
[WhiteElo "1276"]
[BlackElo "1709"]

1. Nf3 Nc6 2. e3 d5 3. Nd4 e5 4. Nb5 a6 5. N5c3 Nf6 6. d4 Bd6 7. Qe2 Bg4 8. f3
Be6 9. g4 e4 10. f4 Bxg4 11. Qd2 a5 12. Na3 Nh5 13. Nxd5 Nb4 14. h3 Bf3 15. Qh2
Nxd5 16. c4 Nb4 17. c5 Be7 18. f5 Bh4+ 19. Kd2 Bg3 20. Qg1 Bxh1 21. Qxh1 Nf4 22.
Qg1 Nh5 23. h4 Qxh4 24. Kc3 Nd3 25. Nb5 Rc8 26. Na7 Rb8 27. d5 Nxc5 28. Bb5+ c6
29. dxc6 Qf6+ 30. Kc4 bxc6 31. Bxc6+ Nd7 32. Qd1 Rb4+ 33. Kd5 Qd6# 0-1

[Event "Challenge"]
[Site "http://www.queenalice.com/game.php?id=595219"]
[Date "2009.5.29"]
[Round "-"]
[White "nandobr"]
[Black "glaysonramos"]
[Result "0-1"]
[WhiteElo "1451"]
[BlackElo "1332"]

1. e4 Nc6 2. Qf3 h5 3. Bc4 Ne5 4. Qc3 f6 5. Qd4 Nxc4 6. Qxc4 e6 7. Nc3 a6 8. Nf3
b5 9. Qd4 e5 10. Qd5 Rb8 11. Kd1 Ne7 12. Qc5 d6 13. Qa7 Nc6 14. Qe3 Rh6 15. Nd5
Qd7 16. d3 Qg4 17. Nxc7+ Kf7 18. h3 Qxg2 19. Nh4 Qxh1+ 20. Kd2 Nd4 21. b4 Bxh3
22. c3 Rc8 23. cxd4 Rxc7 24. Nf5 Bg4 25. Nxh6+ Ke6 26. d5+ Ke7 27. Nxg4 hxg4 28.
Qb6 Kd7 29. Qb8 Qh8 30. Qb6 Be7 31. Qxa6 Qh6+ 32. Kd1 Qh1+ 33. Kd2 Qf3 34. Qxb5+
Kd8 35. Qb8+ Rc8 36. Qb6+ Ke8 37. Qa6 Qxf2+ 38. Kd1 Rc2 39. Qa8+ Kf7 40. Qa4
Qe2# 0-1

[Event "jogo"]
[Site "http://www.queenalice.com/game.php?id=595505"]
[Date "2009.5.29"]
[Round "-"]
[White "glaysonramos"]
[Black "furmigaotora"]
[Result "0-1"]
[WhiteElo "1253"]
[BlackElo "1711"]

1. d3 d5 2. e4 e5 3. Ne2 Nc6 4. Nbc3 Bb4 5. Qd2 d4 6. a3 dxc3 7. bxc3 Ba5 8. Rb1
Nd4 9. Nxd4 exd4 10. e5 Bxc3 11. Qxc3 dxc3 12. Be2 a5 13. Rb5 c6 14. Rc5 Qe7 15.
Be3 f5 16. O-O Nh6 17. g3 O-O 18. h4 f4 19. Bd4 Bh3 20. Kh2 Bxf1 21. Bxf1 fxg3+
22. Kg1 Qxh4 23. fxg3 Qxd4+ 24. Kh1 Qxc5 25. e6 Rxf1+ 26. Kg2 Qg1+ 27. Kh3 Qh1#
0-1

[Event "mais uma?"]
[Site "http://www.queenalice.com/game.php?id=596108"]
[Date "2009.5.31"]
[Round "-"]
[White "kavalheiro"]
[Black "glaysonramos"]
[Result "0-1"]
[WhiteElo "1428"]
[BlackElo "1226"]

1. e3 Nf6 2. Qf3 e5 3. Nh3 e4 4. Qe2 Qe7 5. Qb5 c6 6. Qb3 Nd5 7. Bc4 Qe5 8. Nf4
Nb6 9. Bxf7+ Ke7 10. d4 Qf5 11. Bh5 Nd5 12. Qa3+ d6 13. O-O Nxf4 14. Bd1 Nh3+
15. gxh3 Qg6+ 16. Kh1 Bxh3 17. Rg1 Qe6 18. Rg3 h5 19. Nc3 h4 20. Rg1 Rh6 21. Qa5
b6 22. Qg5+ Qf6 23. Nd5+ cxd5 24. Qxd5 Rg6 25. Qb7+ Nd7 26. Qxe4+ Ne5 27. Qb7+
Ke6 28. Qxa8 Qxf2 29. Qc8+ Nd7 30. Qe8+ Kf6 31. Qxg6+ Ke7 32. Qe4+ Ne5 33. Qb7+
Ke6 34. dxe5 d5 35. Qc8+ Kf7 36. e6+ Bxe6 37. Bh5+ Ke7 38. Qe8+ Kd6 39. Qb8+ Ke7
40. Qxa7+ Kf6 41. Rg6+ Kf5 42. Rg2 Qf1+ 43. Rg1 Qf2 44. Qa4 Kf6 45. Qe8 Be7 46.
Qg6+ Ke5 47. a4 Bh3 48. Qxg7+ Bf6 49. Qc7+ Kf5 50. Qd7+ Ke4 51. Qe8+ Be5 52.
Bg6+ Bf5 53. Rg4+ Kf3 54. Rg1 Qxh2# 0-1

[Event "Challenge"]
[Site "http://www.queenalice.com/game.php?id=605338"]
[Date "2009.6.18"]
[Round "-"]
[White "glaysonramos"]
[Black "furmigaotora"]
[Result "0-1"]
[WhiteElo "1253"]
[BlackElo "1707"]

1. e4 e5 2. Be2 Nf6 3. Nf3 Nxe4 4. Nxe5 Qg5 5. f3 Qxe5 6. fxe4 Qxe4 7. d3 Qxg2
8. Rf1 Qxh2 9. Rf5 d6 10. Bh5 Bxf5 11. Qf3 Qe5+ 12. Qe2 g6 13. Bf3 c6 14. d4
Qxe2+ 15. Bxe2 Bxc2 16. Nd2 Bg7 17. b4 Bxd4 18. Rb1 O-O 19. b5 Re8 20. Rb4 c5
21. Rc4 Bd3 22. Rxd4 cxd4 23. a4 Bxe2 24. Kf2 d3 25. Nc4 d5 26. Ne3 d4 27. Nd5
Nd7 28. Nf4 Nb6 29. a5 Nc4 30. Nxd3 Bxd3 31. b6 Nxa5 32. bxa7 Rxa7 33. Be3 dxe3+
34. Ke1 Nb3 35. Kd1 Ra1# 0-1

[Event "Challenge"]
[Site "http://www.queenalice.com/game.php?id=608838"]
[Date "2009.6.25"]
[Round "-"]
[White "Leandro_Amaral"]
[Black "glaysonramos"]
[Result "1-0"]
[WhiteElo "1267"]
[BlackElo "1253"]

1. e4 Nh6 2. d4 e6 3. Nc3 Bb4 4. Nf3 Ng4 5. Ng5 Qf6 6. Qxg4 Qxd4 7. Bd2 f5 8.
Qh5+ g6 9. Qh4 b6 10. O-O-O b5 11. Bxb5 c6 12. Ba4 Ba6 13. Bb3 O-O 14. Qxh7# 1-0

[Event "Challenge"]
[Site "http://www.queenalice.com/game.php?id=611060"]
[Date "2009.6.30"]
[Round "-"]
[White "glaysonramos"]
[Black "furmigaotora"]
[Result "0-1"]
[WhiteElo "1253"]
[BlackElo "1709"]

1. e3 Nf6 2. b3 c6 3. Nc3 d5 4. Ba3 g6 5. Qe2 Bg7 6. g3 Ne4 7. Nd1 Bxa1 8. d4
Qa5+ 9. b4 Qxa3 10. f3 Bc3+ 11. Nxc3 Qxc3+ 12. Kd1 Qa1# 0-1

[Event "Challenge"]
[Site "http://www.queenalice.com/game.php?id=611463"]
[Date "2009.6.30"]
[Round "-"]
[White "glaysonramos"]
[Black "reniflex"]
[Result "1-0"]
[WhiteElo "1266"]
[BlackElo "1384"]

1. h4 h5 2. Nf3 e6 3. g3 Nf6 4. Ng5 c5 5. Bh3 b6 6. O-O d5 7. Nc3 d4 8. Nb5 a6
9. Na3 g6 10. Nc4 b5 11. Ne5 Bd6 12. Ngxf7 Qe7 13. Nxh8 Bxe5 14. f4 Qh7 15. fxe5
Nfd7 16. Bxe6 Qxh8 17. Rf7 Nxe5 18. Bd5 Nxf7 19. Qf1 Ra7 20. d3 Rd7 21. Be6 Qg7
22. Bf4 Rb7 23. Bxc8 Ra7 24. Bxb8 Re7 25. Qh3 Qf6 26. Rf1 Qb6 27. Bf4 Rxe2 28.
Qd7+ Kf8 29. Bh6+ Kg8 30. Qxf7+ Kh8 31. Bg7+ Kh7 32. Bf8+ Kh8 33. Qg7# 1-0

[Event "Challenge"]
[Site "http://www.queenalice.com/game.php?id=612153"]
[Date "2009.7.2"]
[Round "-"]
[White "cass"]
[Black "glaysonramos"]
[Result "1-0"]
[WhiteElo "1442"]
[BlackElo "1277"]

1. e4 e5 2. Nf3 f6 3. d4 Bb4+ 4. c3 Ba5 5. dxe5 b5 6. b4 Bb6 7. Bxb5 Qe7 8. Bf4
Bb7 9. a4 c5 10. a5 Bc7 11. Qd3 cxb4 12. cxb4 Qxb4+ 13. Nfd2 a6 14. Bc4 Bxa5 15.
Qg3 Ne7 16. Qxg7 Ng6 17. Qf7+ Kd8 18. Qxf6+ Kc7 19. e6+ Nxf4 20. Qe5+ d6 21.
Qxh8 Nd3+ 22. Kf1 Nc6 23. Qxh7+ Kb8 24. e7 Ka7 25. Bxd3 Qd4 26. Ke2 Qxa1 27. Qf7
Nd4+ 28. Ke3 Bxd2+ 29. Kxd2 Qb2+ 30. Ke3 a5 31. e8=Q Rxe8 32. Qxe8 d5 33. e5 a4
34. Qxa4+ Ba6 35. Qxa6+ Kb8 36. e6 Qb4 37. Rc1 Nb3 38. Rc8# 1-0

[Event "Invitation"]
[Site "http://www.queenalice.com/game.php?id=616446"]
[Date "2009.7.10"]
[Round "-"]
[White "Marcelo23Xadrez"]
[Black "glaysonramos"]
[Result "1-0"]
[WhiteElo "1576"]
[BlackElo "1282"]

1. d3 f6 2. Nc3 g6 3. g3 Nh6 4. Nf3 f5 5. Bg2 Ng4 6. O-O e6 7. e4 c6 8. exf5 Qb6
9. fxe6 Bc5 10. d4 Bb4 11. Qd3 Ba5 12. Re1 dxe6 13. b3 c5 14. Na4 Qb4 15. Bd2
Nxf2 16. Kxf2 Qa3 17. Bxa5 Rf8 18. dxc5 Nc6 19. Bc3 h5 20. Qxg6+ Rf7 21. Bh3 b5
22. Bxe6 Bxe6 23. Rxe6+ Ne7 24. Rae1 Kd7 25. Qxf7 b4 26. Qxe7+ Kc8 27. Rc6+ Kb8
28. Qc7# 1-0

[Event "chá 3"]
[Site "http://www.queenalice.com/game.php?id=630537"]
[Date "2009.8.4"]
[Round "-"]
[White "furmigaotora"]
[Black "glaysonramos"]
[Result "1-0"]
[WhiteElo "1706"]
[BlackElo "1266"]

1. e4 Nf6 2. Nc3 e5 3. Nf3 d6 4. d4 Bg4 5. Be2 Nc6 6. Qd3 Nxd4 7. Nxd4 exd4 8.
Nd5 Bxe2 9. Qxe2 Nd7 10. O-O c6 11. Nb4 Qa5 12. Bd2 Be7 13. Nd5 d3 14. cxd3 Qa4
15. Nc7+ Kf8 16. Nxa8 d5 17. Qf3 Qc2 18. Bc3 d4 19. Bxd4 Qa4 20. Nc7 Bd6 21.
Ne6+ Ke7 22. Bxg7 Rg8 23. Nd4 Bc7 24. Nf5+ Kd8 25. Qh5 Ne5 26. Qg5+ Ke8 27. Qe7#
1-0

[Event "Parabéns..."]
[Site "http://www.queenalice.com/game.php?id=634457"]
[Date "2009.8.11"]
[Round "-"]
[White "glaysonramos"]
[Black "kavalheiro"]
[Result "1-0"]
[WhiteElo "1265"]
[BlackElo "1447"]

1. e3 e6 2. g3 b6 3. Qf3 c6 4. b4 Bb7 5. Qf4 Na6 6. Be2 Qe7 7. Bh5 g6 8. Bg4 e5
9. Qe4 Nxb4 10. Ba3 Nf6 11. c3 d5 12. Bxb4 c5 13. Qd3 cxb4 14. Qb5+ Kd8 15. Bh3
a6 16. Qxb6+ Qc7 17. Qxf6+ Be7 18. Qxh8+ Bf8 19. Qxf8# 1-0

[Event "Challenge"]
[Site "http://www.queenalice.com/game.php?id=636079"]
[Date "2009.8.13"]
[Round "-"]
[White "glaysonramos"]
[Black "furmigaotora"]
[Result "0-1"]
[WhiteElo "1293"]
[BlackElo "1708"]

1. a4 e6 2. Ra3 Bxa3 3. bxa3 Nc6 4. Bb2 Nf6 5. e3 a6 6. h4 d5 7. Nc3 O-O 8. Rh3
e5 9. Rg3 d4 10. Nce2 Ne4 11. Rf3 Bg4 12. Rg3 Qxh4 13. f3 Nxg3 14. fxg4 Ne4+ 15.
g3 Nxg3 16. Nxg3 Qxg3+ 17. Ke2 Qxg1 18. exd4 Qxg4+ 19. Ke1 Qxd1+ 20. Kxd1 e4 21.
d5 Ne7 22. Bg2 Nxd5 23. Bxe4 Nf4 24. Bxb7 Rab8 25. Be5 Rxb7 26. Bxf4 Re8 27. c4
Re4 28. Bg3 Rxc4 29. Be5 Rxa4 30. Kc2 Rxa3 31. d3 c5 32. Bd6 Ra2+ 33. Kc3 Ra5
34. Kc4 h5 35. Kd5 h4 36. Kc6 Rbb5 37. Be5 c4 38. Bf4 c3 39. d4 c2 40. Kd7 Rd5+
41. Bd6 h3 42. Kc6 Rxd4 43. Bc7 c1=Q+ 44. Kb7 Rd7 45. Kb6 Qc5+ 46. Kb7 Qxc7+ 47.
Ka8 Qb7# 0-1

[Event "mais uma?"]
[Site "http://www.queenalice.com/game.php?id=638318"]
[Date "2009.8.18"]
[Round "-"]
[White "glaysonramos"]
[Black "kavalheiro"]
[Result "1-0"]
[WhiteElo "1310"]
[BlackElo "1447"]

1. e3 Nf6 2. c4 Nc6 3. c5 Ne5 4. f4 Ne4 5. d4 Ng6 6. Bc4 Nh4 7. Qh5 Nxg2+ 8. Ke2
e6 9. Nf3 Nf6 10. Qe5 Ng4 11. Qh5 Nf6 12. Qg5 Nxf4+ 13. exf4 Be7 14. Qxg7 Rg8
15. Qh6 Rg6 16. Qh3 Ne4 17. Qxh7 Rg2+ 18. Kf1 Rf2+ 19. Kg1 Nf6 20. Qh8+ Bf8 21.
Kxf2 Ne4+ 22. Ke3 Nf6 23. Ng5 Ng4+ 24. Kf3 Nh6 25. Nh7 Ke7 26. Qf6+ Ke8 27. Qh8
Qh4 28. Qxf8# 1-0

[Event "Dei sorte =P"]
[Site "http://www.queenalice.com/game.php?id=643694"]
[Date "2009.8.28"]
[Round "-"]
[White "kavalheiro"]
[Black "glaysonramos"]
[Result "0-1"]
[WhiteElo "1452"]
[BlackElo "1353"]

1. e4 g6 2. Bc4 Nh6 3. Qf3 e5 4. Nh3 c6 5. Ng5 Qxg5 6. O-O d6 7. d4 Qh4 8. Bxh6
Bxh6 9. Qxf7+ Kd8 10. g3 Qh3 11. Qf6+ Kc7 12. Qxh8 Bg4 13. Qxh7+ Nd7 14. Nc3 Bf3
15. Qxd7+ Kxd7 16. Be6+ Kxe6 17. d5+ Ke7 18. dxc6 Qg2# 0-1

[Event "Challenge"]
[Site "http://www.queenalice.com/game.php?id=644438"]
[Date "2009.8.29"]
[Round "-"]
[White "glaysonramos"]
[Black "Marcelo23Xadrez"]
[Result "0-1"]
[WhiteElo "1373"]
[BlackElo "1774"]

1. e3 d5 2. Nc3 e5 3. Qf3 Nf6 4. Bb5+ Bd7 5. Ba4 Nc6 6. Bb3 e4 7. Qf4 Bd6 8. Qg5
h6 9. Qxg7 Rh7 10. Qxh7 Nxh7 11. Bxd5 Qg5 12. Nge2 Nf6 13. Bxe4 Nxe4 14. Nxe4
Qg6 15. Nxd6+ Qxd6 16. a3 O-O-O 17. b4 Qf6 18. Nc3 Rg8 19. Bb2 Rxg2 20. Rf1 Bh3
21. Na4 Qh4 22. d4 Rxh2 23. Kd2 Bxf1 24. Rxf1 Rxf2+ 25. Rxf2 Qxf2+ 26. Kd3 h5
27. d5 Ne7 28. Be5 Nxd5 29. Nc5 Qxe3+ 30. Kc4 Qxe5 31. c3 a6 32. b5 axb5+ 33.
Kxb5 Qxc3 34. Ka4 Qc4+ 35. Ka5 b6# 0-1

[Event "Challenge"]
[Site "http://www.queenalice.com/game.php?id=649984"]
[Date "2009.9.10"]
[Round "-"]
[White "glaysonramos"]
[Black "furmigaotora"]
[Result "0-1"]
[WhiteElo "1310"]
[BlackElo "1711"]

1. g4 c5 2. Bg2 d5 3. h3 e5 4. Nf3 e4 5. Ne5 f6 6. Nc4 b5 7. Ne3 Nc6 8. b4 Nxb4
9. c3 Nc6 10. Qb3 c4 11. Qxb5 Ne7 12. Ba3 Bd7 13. Bxe7 Nxe7 14. Qb7 Bc6 15. Qa6
Qb6 16. Qxb6 axb6 17. Nc2 g6 18. Nd4 Bd7 19. a4 b5 20. f3 f5 21. g5 Nc8 22. a5
Bc5 23. e3 f4 24. fxe4 dxe4 25. Bxe4 Ra6 26. exf4 O-O 27. Bd5+ Kh8 28. Bb7 Ra7
29. Be4 Re8 30. O-O Rxe4 31. a6 Bxh3 32. Rf2 b4 33. Rf3 Bg4 34. Rg3 Rxf4 35. Kg2
Raf7 36. Ra5 Rf2+ 37. Kg1 Bb6 38. Rxg4 Bxa5 39. Ne6 Rf1+ 40. Kh2 Rxb1 41. Rxc4
Nd6 42. Rc5 Re7 43. Re5 bxc3 44. Rxa5 Rxe6 45. a7 Re8 46. Ra6 cxd2 47. Rxd6 Rb2
48. Kg3 Ra8 49. Ra6 d1=Q 50. Kf4 Qd4+ 51. Kf3 Rb3+ 52. Ke2 Re8+ 53. Re6 Rxe6+
54. Kf1 Qd1+ 55. Kg2 Re2# 0-1

[Event "Challenge"]
[Site "http://www.queenalice.com/game.php?id=653743"]
[Date "2009.9.17"]
[Round "-"]
[White "PLQ"]
[Black "glaysonramos"]
[Result "0-1"]
[WhiteElo "1298"]
[BlackElo "1293"]

1. e4 g6 2. Bd3 Bh6 3. Nf3 Nf6 4. O-O d6 5. b3 Bg4 6. Bb2 d5 7. exd5 Qxd5 8. Be2
Ne4 9. d3 Bf4 10. Bxh8 Bd6 11. c4 Qh5 12. dxe4 Bxf3 13. gxf3 Qxh2# 0-1

[Event "parabéns, ganhou bem"]
[Site "http://www.queenalice.com/game.php?id=658612"]
[Date "2009.9.26"]
[Round "-"]
[White "glaysonramos"]
[Black "kavalheiro"]
[Result "0-1"]
[WhiteElo "1358"]
[BlackElo "1416"]

1. e4 e5 2. Qg4 Nf6 3. Qf5 d5 4. Qxe5+ Be6 5. Bb5+ Nc6 6. Qf4 Bb4 7. Qg5 O-O 8.
Nc3 Nxe4 9. Qh5 d4 10. Bd3 Nf6 11. Qg5 dxc3 12. bxc3 h6 13. Qh4 Qe8 14. cxb4 Nd5
15. Qe4 Nf6 16. Qf4 Nd5 17. Qf3 Ncxb4 18. Be4 Qa4 19. c3 Nxa2 20. Bb2 Nf6 21.
Bxb7 Rab8 22. Qc6 Qa5 23. Rxa2 Qe5+ 24. Ne2 Bg4 25. O-O Bxe2 26. Re1 Rfe8 27. c4
Qh5 28. Qxc7 Rbd8 29. Rxa7 Rd7 30. Qc6 Rde7 31. Rxe2 Qxe2 32. Ra1 Qe1+ 33. Rxe1
Rxe1# 0-1

[Event "Challenge"]
[Site "http://www.queenalice.com/game.php?id=659100"]
[Date "2009.9.27"]
[Round "-"]
[White "glaysonramos"]
[Black "thedead"]
[Result "0-1"]
[WhiteElo "1371"]
[BlackElo "1449"]

1. a4 e5 2. b3 Nf6 3. Ba3 d6 4. e3 Be7 5. Nf3 O-O 6. Bc4 h6 7. Nh4 d5 8. Bd3 e4
9. Bxe7 Qxe7 10. Nf5 Bxf5 11. g4 Bxg4 12. Qc1 exd3 13. cxd3 c5 14. h3 Be6 15.
Qd1 Nc6 16. Rg1 Na5 17. Qf3 Kh7 18. e4 dxe4 19. dxe4 Nxb3 20. Qg3 Rg8 21. Na3
Nxa1 22. Ke2 Nb3 23. Nc2 Nxe4 24. Qd3 Bf5 25. Qxb3 Rae8 26. Ne3 Bxh3 27. Rh1 Bc8
28. f3 Ng3+ 29. Kf2 Nxh1+ 30. Kg2 Qh4 31. Qc2+ g6 32. Ng4 Re2+ 33. Kf1 Qe1# 0-1

[Event "Challenge"]
[Site "http://www.queenalice.com/game.php?id=682369"]
[Date "2009.11.13"]
[Round "-"]
[White "Marcelo23Xadrez"]
[Black "glaysonramos"]
[Result "1-0"]
[WhiteElo "1778"]
[BlackElo "1344"]

1. d4 Nc6 2. e4 e6 3. Nf3 Qf6 4. e5 Qf5 5. Bd3 Qg4 6. O-O Nxd4 7. Nbd2 Nxf3+ 8.
Nxf3 d6 9. h3 Qh5 10. Kh2 dxe5 11. g4 Qxh3+ 12. Kxh3 e4 13. Bxe4 1-0

[Event "Challenge"]
[Site "http://www.queenalice.com/game.php?id=687909"]
[Date "2009.11.24"]
[Round "-"]
[White "glaysonramos"]
[Black "FENIX_RJ"]
[Result "0-1"]
[WhiteElo "1342"]
[BlackElo "1456"]

1. e3 e5 2. Be2 d5 3. Bh5 g6 4. Bg4 f5 5. Bh3 Nf6 6. c3 Ne4 7. Qa4+ c6 8. f3
Qh4+ 9. g3 Nxg3 10. Qxh4 Nxh1 11. b4 Be7 12. Qh6 b6 13. Qg7 Bh4+ 0-1